banner-ar

المنقذ المحترف و كيفية التعامل فى حالات الطوارئ / (Record no. 63400)

MARC details
000 -الفاتح
حقل البيانات ثابتة الطول 01169nam a22002657a 4500
005 - وقت وتاريخ اخر تعامل مع التسجيلة
رقم الضبط 20240530110639.0
008 - عناصر البيانات ثابتة الطول - معلومات عامة
حقل البيانات ثابتة الطول 171007s2016 ua ao g b 000 0 ara d
017 ## - رقم الايداع القانونى
رقم الايداع القانونى 2015/9755
المصدر ( الهيئة المختصة) مصر. دار الكتب
020 ## - الرقم الدولى المعيارى للكتب
الرقم الدولى المعيارى للكتاب 9789777352741
040 ## - مصدر الفهرسة
وكالة الفهرسة الأصلية EG-CaGPL
وكالة النسخ EG-CaGPL
082 04 - رقم تصنيف ديوى العشرى
رقم الطبعة 21
رقم التصنيف 363.3481\
رقم المادة ص م
100 ## - المدخل الرئيسى - إسم شخصى
الإسم الشخصى صالح محمد صالح
245 02 - بيان العنوان
العنوان المنقذ المحترف و كيفية التعامل فى حالات الطوارئ /
بيان المسئوليه,etc اعداد صالح محمد صالح ، زكريا انور عبدالغنى .
250 ## - بيان الطبعة
بيان الطبعة ط.1
260 ## - PUBLICATION, DISTRIBUTION, ETC. (IMPRINT)
تاريخ النشر أو التوزيع 2016 .
300 ## - الوصف المادى
التعداد 167 ص :
تفاصيل ماديه اخرى للوعاء صور ؛
أبعاد الوعاء 24 سم .
500 ## - تبصرة عامة
تبصرة عامة فى العنوان الموسوعة العلمية الشاملة للانقاذ .
504 ## - تبصرة ببليوجرافية
تبصرة ببليوجرافية,الخ ببليوجرافية : ص 151 - 163
650 07 - المدخل الاضافى بالموضوع-مصطلح موضوعى
مصدر الرأس أو المصطلح qrmak
مصطلح موضوعي الانقاذ
650 07 - المدخل الاضافى بالموضوع-مصطلح موضوعى
مصطلح موضوعي الانقاذ المائى
700 0# - المدخل الاضافى - اسم شخصى
الإسم الشخصى صالح محمد صالح
الدور معد و مترجم .
700 0# - المدخل الاضافى - اسم شخصى
الإسم الشخصى زكريا انور عبدالغنى
الدور معد و مترجم .
942 ## - عناصر المدخل الإضافي( كوها)
مصدر التصنيف او مخطط الترفيف Dewey Decimal Classification
Koha [default] item type كتاب
260 ## - PUBLICATION, DISTRIBUTION, ETC. (IMPRINT)
-- الاسكندرية :
-- مؤسسة عالم الرياضة للنشر و التوزيع ،
Holdings
حالة التراجع حالة الفقد حالة تلف ليس للاعارة المكان المؤقت الموقع الحالى موقع الترفيف تاريخ الاكتساب اجمالي اﻻعارات رقم الطلب الباركود تاريخ اخر مشاهدة تاريخ تفعيل السعر نوع وعاء كوها
        مكتبة القاهرة الكبرى مكتبة القاهرة الكبرى القاعة الرئيسية 10/07/2017   363.3481\ ص م 163410 10/07/2017 10/07/2017 كتاب

Powered By

EGPV